[Event "EGY-ch (Women)"]
[Site "Cairo"]
[Date "2024.04.21"]
[Round "8"]
[White "Ahmed Mohamed, Zakaa"]
[Black "Mohamed Ahmed, Janah"]
[Result "0-1"]
[WhiteElo "1692"]
[BlackElo "1707"]
[PlyCount "166"]
[EventDate "2024.04.17"]
[EventType "swiss"]
[EventRounds "9"]
[EventCountry "EGY"]
[SourceTitle "CBM 220 Extra"]
[Source "ChessBase"]
[SourceDate "2024.07.31"]
[SourceVersion "1"]
[SourceVersionDate "2024.07.31"]
[SourceQuality "1"]

1. e4 e5 2. Nf3 Nc6 3. Bc4 Nf6 4. d3 Bc5 5. c3 a6 6. 0-0 d6 7. Re1 Ba7 8. Nbd2 0-0 9. h3 Na5 10. Bb3 Nxb3 11. Qxb3 Re8 12. Nf1 h6 13. Ng3 c6 14. d4 Qc7 15. dxe5 dxe5 16. Be3 Bxe3 17. Rxe3 Be6 18. Qc2 Rad8 19. Rd1 Rxd1+ 20. Qxd1 Rd8 21. Qc2 Qd6 22. b3 Qd1+ 23. Qxd1 Rxd1+ 24. Kh2 Nd7 25. c4 f6 26. Rc3 Nc5 27. Rc2 a5 28. Rd2 Rxd2 29. Nxd2 Nd3 30. Kg1 g6 31. Ne2 Kf7 32. Nc3 Ke7 33. Kf1 Kd6 34. Ke2 Nf4+ 35. Kf3 Kc5 36. h4 Kd4 37. Ncb1 h5 38. Kg3 Ne2+ 39. Kh2 Kd3 40. g3 Kc2 41. Kg2 Kb2 42. Kf1 Nd4 43. Ke1 Bg4 44. a3 Nxb3 45. Nxb3 Kxb3 46. Kd2 Kxc4 47. Nc3 Bf3 48. Na4 Kb3 49. Nc5+ Kxa3 50. Nxb7 Kb4 51. Nd6 c5 52. Ne8 f5 53. exf5 gxf5 54. Nd6 Bg4 55. Nf7 e4 56. Ne5 c4 57. Nc6+ Kb5 58. Nd4+ Kc5 59. Ne6+ Kb4 60. Nd4 c3+ 61. Kc2 Kc4 62. Nc6 a4 63. Na5+ Kb5 64. Nb7 Kb4 65. Nd8 Be2 66. Nc6+ Kc5 67. Na5 Kb5 68. Nb7 Kb4 69. Nd8 Bd3+ 70. Kc1 a3 71. Nc6+ Kc5 72. Na5 a2 73. Nb3+ Kb4 74. Na1 Ka3 75. g4 fxg4 76. f3 exf3 77. Nc2+ Bxc2 78. Kxc2 f2 79. Kxc3 a1Q+ 80. Kc4 f1Q+ 81. Kd5 Qf5+ 82. Kc4 Qc1+ 83. Kd4 Qcc5# 0-1

[Event "EGY-ch (Women)"]
[Site "Cairo"]
[Date "2024.04.18"]
[Round "3"]
[White "Mohsen, Hend"]
[Black "Mohamed Ahmed, Janah"]
[Result "0-1"]
[WhiteElo "1842"]
[BlackElo "1707"]
[PlyCount "100"]
[EventDate "2024.04.17"]
[EventType "swiss"]
[EventRounds "9"]
[EventCountry "EGY"]
[SourceTitle "CBM 220 Extra"]
[Source "ChessBase"]
[SourceDate "2024.07.31"]
[SourceVersion "1"]
[SourceVersionDate "2024.07.31"]
[SourceQuality "1"]

1. e4 e5 2. Bc4 Nf6 3. d3 Nc6 4. Nf3 d5 5. exd5 Nxd5 6. Qe2 Bg4 7. Bb5 Bd6 8. h3 Bxf3 9. Qxf3 0-0 10. c3 Nce7 11. Bg5 c6 12. Bc4 Qb6 13. Bb3 a5 14. Nd2 a4 15. Nc4 Qc7 16. Bc2 b5 17. Nxd6 Qxd6 18. a3 Ng6 19. Rd1 Qc7 20. h4 Rae8 21. Kf1 f5 22. g3 e4 23. dxe4 fxe4 24. Qe2 Qxg3 25. Rg1 Qh3+ 26. Ke1 Ngf4 27. Qg4 Nd3+ 28. Bxd3 exd3+ 29. Kd2 Rxf2+ 30. Kc1 Qxg4 31. Rxg4 Rc2+ 32. Kb1 Ree2 33. Bc1 Nf6 34. Rd4 Ne4 35. R1xd3 Nc5 36. Rd8+ Kf7 37. Rf3+ Ke7 38. Bg5+ Ke6 39. Re8+ Kd5 40. Rd8+ Ke4 41. Rf4+ Ke5 42. Re8+ Ne6 43. Rf7 Rxb2+ 44. Kc1 Kd6 45. Rfe7 Rec2+ 46. Kd1 Nxg5 47. hxg5 Rg2 48. Re6+ Kd5 49. Re5+ Kc4 50. Kc1 Kb3 0-1

[Event "EGY-ch (Women)"]
[Site "Cairo"]
[Date "2024.04.17"]
[Round "1"]
[White "Mohamed Ahmed, Janah"]
[Black "Weam, Salma"]
[Result "1-0"]
[WhiteElo "1707"]
[BlackElo "1419"]
[PlyCount "59"]
[EventDate "2024.04.17"]
[EventType "swiss"]
[EventRounds "9"]
[EventCountry "EGY"]
[SourceTitle "CBM 220 Extra"]
[Source "ChessBase"]
[SourceDate "2024.07.31"]
[SourceVersion "1"]
[SourceVersionDate "2024.07.31"]
[SourceQuality "1"]

1. e4 e5 2. Nf3 Nc6 3. d4 exd4 4. Nxd4 d6 5. Nc3 Nf6 6. f3 Be7 7. Be3 0-0 8. Qd2 Bd7 9. 0-0-0 Nxd4 10. Bxd4 c5 11. Be3 Rb8 12. g4 Bc6 13. h4 b5 14. h5 b4 15. Ne2 Qa5 16. Kb1 Bd7 17. Nf4 Rfc8 18. Bc4 Bb5 19. Bxb5 Qxb5 20. g5 Nd7 21. g6 h6 22. gxf7+ Kxf7 23. Qd5+ Ke8 24. Ne6 Nf6 25. Nxg7+ Kf8 26. Ne6+ Ke8 27. Qf5 c4 28. Ng7+ Kf8 29. Qg6 c3 30. Ne6# 1-0

[Event "Cairo Al Ain op"]
[Site "Cairo"]
[Date "2023.12.01"]
[Round "8"]
[White "Mohamed Ahmed, Janah"]
[Black "Abdin, Mahmoud1"]
[Result "0-1"]
[WhiteElo "1552"]
[BlackElo "1798"]
[PlyCount "68"]
[EventDate "2023.11.27"]
[EventType "swiss"]
[EventRounds "10"]
[EventCountry "EGY"]
[SourceTitle "CBM 217 Extra"]
[Source "ChessBase"]
[SourceDate "2024.01.31"]
[SourceVersion "1"]
[SourceVersionDate "2024.01.31"]
[SourceQuality "1"]

1. e4 e5 2. Nf3 Nc6 3. d4 exd4 4. Nxd4 Bc5 5. Nb3 Bb6 6. Nc3 Nge7 7. Bg5 0-0 8. Qd2 d6 9. 0-0-0 f6 10. Be3 Bxe3 11. Qxe3 f5 12. f4 fxe4 13. g3 a5 14. Qxe4 Kh8 15. Bb5 Nb4 16. a3 Bf5 17. Qe2 Bxc2 18. Rde1 Bxb3 19. Qxe7 Nd5 20. Nxd5 Bxd5 21. Rhg1 Qb8 22. Qd7 Qa7 23. Bd3 Qb6 24. Qh3 Bg8 25. Rg2 Rae8 26. Rge2 h6 27. g4 Rxe2 28. Rxe2 Qg1+ 29. Kd2 Rxf4 30. Qh4 Rf1 31. Bc2 Qd4+ 32. Bd3 Qxb2+ 33. Bc2 Qc1+ 34. Kc3 Rf3+ 0-1

[Event "Cairo Al Ain op"]
[Site "Cairo"]
[Date "2023.11.29"]
[Round "5"]
[White "Rahman, Yehya"]
[Black "Mohamed Ahmed, Janah"]
[Result "1-0"]
[WhiteElo "2077"]
[BlackElo "1552"]
[PlyCount "101"]
[EventDate "2023.11.27"]
[EventType "swiss"]
[EventRounds "10"]
[EventCountry "EGY"]
[SourceTitle "CBM 217 Extra"]
[Source "ChessBase"]
[SourceDate "2024.01.31"]
[SourceVersion "1"]
[SourceVersionDate "2024.01.31"]
[SourceQuality "1"]

1. e4 c5 2. c3 d5 3. exd5 Qxd5 4. d4 cxd4 5. cxd4 Nc6 6. Nf3 Bg4 7. Be2 e6 8. Nc3 Bb4 9. 0-0 Qd8 10. Qb3 Nge7 11. a3 Bd6 12. Be3 a6 13. h3 Bh5 14. Rad1 Nd5 15. Nxd5 exd5 16. Rfe1 0-0 17. Ne5 Bxe2 18. Rxe2 Qc7 19. Rc2 Rad8 20. Nxc6 bxc6 21. Rdc1 Rb8 22. Qa4 Rb6 23. Rxc6 Qb8 24. Rxb6 Qxb6 25. Rc6 Qb8 26. Qxa6 Be7 27. Rb6 Qd8 28. Qb5 Bg5 29. Rb7 Bxe3 30. fxe3 Qg5 31. Qe2 Qg3 32. Qf3 Qd6 33. Qf4 Qc6 34. Rb8 Qc1+ 35. Kh2 h6 36. Rxf8+ Kxf8 37. Qd6+ Kg8 38. Qd8+ Kh7 39. Qxd5 Qxe3 40. Qe5 Qb3 41. d5 f6 42. Qd4 Qb8+ 43. d6 Qc8 44. b4 Qd7 45. Qe4+ Kg8 46. Qd5+ Kh7 47. b5 Qc8 48. b6 Qb8 49. b7 Qa7 50. Qd3+ Kg8 51. d7 1-0